| 000 | 00642nam a2200205Ia 4500 | ||
|---|---|---|---|
| 005 | 20250508153238.0 | ||
| 008 | 008 250505s9999 xx 000 0 eng d | ||
| 037 | _aTextual | ||
| 040 |
_aFEDL _beng _cFEDL |
||
| 041 |
_aeng _2eng |
||
| 084 |
_a370.1, WYN _qFEDL |
||
| 100 |
_aWynne John P. _9139594 |
||
| 245 | 0 | _aTheories of education : An introduction to the foundations of education | |
| 260 |
_aNew York, USA _bHarper and Row Publishers _c1963 |
||
| 300 | _axiii,521p | ||
| 490 | _aHarper's series on teaching | ||
| 650 |
_aEducation - Philosolphy _9756482 |
||
| 942 |
_cTEXL _h370.1, WYN |
||
| 999 |
_c1341495 _d1341495 |
||